LEADER 01921nam 2200421 n 450 001 996393234903316 005 20200824121713.0 035 $a(CKB)4940000000110349 035 $a(EEBO)2240961711 035 $a(UnM)99866590e 035 $a(UnM)99866590 035 $a(EXLCZ)994940000000110349 100 $a19940412d1658 uy | 101 0 $aeng 135 $aurbn||||a|bb| 200 10$aVindiciæ fundamenti: or A threefold defence of the doctrine of original sin$b[electronic resource] $etogether with some other fundamentals of salvation the first against the exceptions of Mr. Robert Everard in his book entituled, The creation and the fall of man. The second against the examiners of the late assemblies confession of faith. The third against the allegations of Dr. Jeremy Taylor, in his Unum necessarium, and two letter treatises of his$fBy Nathaniel Stephens minister of Fenny-Drayton in Leicestershire 210 $aLondon $cprinted by T.R. and E.M. for Edmund Paxton in Pauls Chain, right over against the Castle-Tavern, near Doctors Commons$d1658 215 $a[14], 239, [1] p 300 $aThe tract by Robert Everard is untraced. 300 $aThe final page is an advertisement. 300 $aAnnotation on Thomason copy: "Aprill 24.". 300 $aReproduction of the original in the British Library. 330 $aeebo-0018 606 $aTheology, Doctrinal$vEarly works to 1800 606 $aSalvation$vEarly works to 1800 606 $aSin, Original$vEarly works to 1800 615 0$aTheology, Doctrinal 615 0$aSalvation 615 0$aSin, Original 700 $aStephens$b Nathaniel$f1606?-1678.$01013949 801 0$bCu-RivES 801 1$bCu-RivES 801 2$bCStRLIN 801 2$bWaOLN 906 $aBOOK 912 $a996393234903316 996 $aVindiciæ fundamenti: or A threefold defence of the doctrine of original sin$92411661 997 $aUNISA